| 000 | 00751nam a22001937a 4500 | ||
|---|---|---|---|
| 003 | OSt | ||
| 005 | 20201123133706.0 | ||
| 008 | 201120b 2010 dr 00| 0 eng d | ||
| 020 | _a9789993424567 | ||
| 040 |
_aDO-SdBNP _bspa _cBNPHU |
||
| 100 | 1 | _4Ceballos, Rita María | |
| 245 | 1 | 0 |
_aAportes de la sociedad civil a la educación : _bCentro Cultural Poveda historia institucional y aportes a la democracia en República Dominicana / _cRita María Ceballos y Argentina Henríquez. |
| 260 |
_aSanto Domingo : _bCentro Cultural Poveda, _c2010. |
||
| 300 |
_a44 p. ; _c21 cm. |
||
| 500 | _a25 años acompañando la educación dominicana(1985-2010) | ||
| 590 | _aInventariado, 2020 /LP | ||
| 700 | 1 |
_aHenríquez, Argentina _95204 |
|
| 942 |
_2ddc _cLBS1 |
||
| 999 |
_c49165 _d49165 |
||